| 000 | 00948nam a22002655a 4500 | ||
|---|---|---|---|
| 008 | 110619s1995 maua|||frb||| 001 0 eng d | ||
| 010 | _a 94001384 | ||
| 020 | _a0201592932 | ||
| 020 | _a978020592931 | ||
| 082 | 0 | 4 |
_a658.18 _bDAN |
| 100 |
_aDaniels, John D. _925491 |
||
| 245 | 1 | 0 |
_aInternational Business : _bEnvironments and Operations / _cJohn D. Daniels, Lee H. Radebaugh. |
| 250 | _a7th ed. | ||
| 260 |
_aReading, Mass. : _bAddison-Wesley, _cc. 1995. |
||
| 300 |
_avarious pagings : _bill. (some col.), col. maps ; _c27 cm. |
||
| 504 | _aIncludes bibliographical references and indexes. | ||
| 590 | _aMohamed Hussein | ||
| 650 | 0 |
_aInternational business enterprises. _925492 _2BUEsh |
|
| 650 | 0 |
_aInternational economic relations. _925493 _2BUEsh |
|
| 650 | 0 |
_aInvestments, Foreign. _925494 _2BUEsh |
|
| 651 | _2BUEsh | ||
| 653 |
_cAugust2015 _bBUSECO |
||
| 700 | 1 |
_aRadebaugh, Lee H. _925495 |
|
| 942 |
_cBB _k658.18DAN _2ddc |
||
| 999 |
_c5698 _d5698 |
||